Havana storm / (Record no. 356410)
[ view plain ]
| 000 -LEADER | |
|---|---|
| fixed length control field | 01936cam a2200373Ki 4500 |
| 001 - CONTROL NUMBER | |
| control field | 900794702 |
| 003 - CONTROL NUMBER IDENTIFIER | |
| control field | OCoLC |
| 005 - DATE AND TIME OF LATEST TRANSACTION | |
| control field | 20201207174311.0 |
| 008 - FIXED-LENGTH DATA ELEMENTS--GENERAL INFORMATION | |
| fixed length control field | 150122s2015 nyub 000 1 eng d |
| 020 ## - INTERNATIONAL STANDARD BOOK NUMBER | |
| International Standard Book Number | 9780425279168 |
| 020 ## - INTERNATIONAL STANDARD BOOK NUMBER | |
| International Standard Book Number | 0425279162 |
| 035 ## - SYSTEM CONTROL NUMBER | |
| System control number | (OCoLC)900794702 |
| 040 ## - CATALOGING SOURCE | |
| Original cataloging agency | BTCTA |
| Language of cataloging | eng |
| Description conventions | rda |
| Transcribing agency | BTCTA |
| Modifying agency | BDX |
| -- | SO$ |
| 092 ## - LOCALLY ASSIGNED DEWEY CALL NUMBER (OCLC) | |
| Classification number | CUSSLER |
| 100 1# - MAIN ENTRY--PERSONAL NAME | |
| Personal name | Cussler, Clive, |
| Relator term | author. |
| 9 (RLIN) | 14580 |
| 245 10 - TITLE STATEMENT | |
| Title | Havana storm / |
| Statement of responsibility, etc | Clive Cussler and Dirk Cussler. |
| 250 ## - EDITION STATEMENT | |
| Edition statement | Berkley premium edition. |
| 264 #1 - Production, Publication, Distribution, Manufacture, and Copyright Notice. | |
| Place of production, publication, distribution, manufacture | New York : |
| Name of producer, publisher, distributor, manufacturer | Berkley Books, |
| Date of production, publication, distribution, manufacture, or copyr | 2015. |
| 300 ## - PHYSICAL DESCRIPTION | |
| Extent | 453 pages : |
| Other physical details | map ; |
| Dimensions | 19 cm. |
| 336 ## - Content Type | |
| Content type term | text |
| 337 ## - Media type | |
| Media type term | unmediated |
| 338 ## - Carrier type | |
| Carrier type term | volume |
| 490 1# - SERIES STATEMENT | |
| Series statement | Dirk Pitt adventure. |
| 520 ## - SUMMARY, ETC. | |
| Summary, etc | While investigating a toxic outbreak in the Caribbean Sea that may ultimately threaten the United States, Pitt unwittingly becomes involved in something even more dangerous -- a post-Castro power struggle for the control of Cuba. Meanwhile, Pitt's children, marine engineer Dirk and oceanographer Summer, are on an investigation of their own, chasing an Aztec stone that may reveal the whereabouts of a vast historical Aztec treasure. The problem is, that stone was believed to have been destroyed on the battleship Maine in Havana Harbor in 1898, which brings them both to Cuba as well -- and squarely into harm's way. The three of them have been in desperate situations before... but perhaps never quite as dire as the one facing them now. |
| 650 #0 - SUBJECT ADDED ENTRY--TOPICAL TERM | |
| Topical term or geographic name as entry element | Pitt, Dirk (Fictitious character) |
| Form subdivision | Fiction. |
| 9 (RLIN) | 5692981 |
| 651 #0 - SUBJECT ADDED ENTRY--GEOGRAPHIC NAME | |
| Geographic name | Havana (Cuba) |
| Form subdivision | Fiction. |
| 9 (RLIN) | 5736651 |
| 655 #7 - INDEX TERM--GENRE/FORM | |
| Genre/form data or focus term | Action and adventure fiction. |
| Source of term | lcgft. |
| 9 (RLIN) | 6390285 |
| 655 #7 - INDEX TERM--GENRE/FORM | |
| Genre/form data or focus term | Thrillers (Fiction) |
| Source of term | lcgft. |
| 9 (RLIN) | 5697221 |
| 655 #0 - INDEX TERM--GENRE/FORM | |
| Genre/form data or focus term | Paperbacks. |
| 9 (RLIN) | 5738778 |
| 700 1# - ADDED ENTRY--PERSONAL NAME | |
| Personal name | Cussler, Dirk, |
| Relator term | author. |
| 9 (RLIN) | 53129 |
| 800 1# - SERIES ADDED ENTRY--PERSONAL NAME | |
| Personal name | Cussler, Clive. |
| Title of a work | Dirk Pitt adventure. |
| 9 (RLIN) | 65454 |
| 907 ## - LOCAL DATA ELEMENT G, LDG (RLIN) | |
| a | .b390601056 |
| 942 ## - ADDED ENTRY ELEMENTS (KOHA) | |
| Source of classification or shelving scheme | Dewey Decimal Classification |
| Koha item type | BOOK |
| Withdrawn status | Lost status | Source of classification or shelving scheme | Damaged status | Not for loan | Collection code | Home library | Current library | Shelving location | Date acquired | Source of acquisition | Total Checkouts | Full call number | Barcode | Date last seen | Date checked out | Cost, replacement price | Price effective from | Koha item type |
|---|---|---|---|---|---|---|---|---|---|---|---|---|---|---|---|---|---|---|
| Dewey Decimal Classification | Fiction | Wasatch County Library | Wasatch County Library | First Floor | 12/07/2020 | Baker & Taylor | 4 | F Cussler | 34301001706672 | 03/22/2025 | 03/11/2025 | 9.99 | 12/07/2020 | BOOK |
